[Event "Haninge"]
[Site "Haninge"]
[Date "1990.??.??"]
[Round "2"]
[White "Ehlvest, Jaan"]
[Black "Ftacnik, Lubomir"]
[Result "1-0"]
[WhiteElo "2620"]
[BlackElo "2560"]
[Annotator "Ftacnik,L"]
[PlyCount "125"]
[EventDate "1990.05.??"]
[EventType "tourn"]
[EventRounds "11"]
[EventCountry "SWE"]
[EventCategory "14"]
[SourceTitle "CBM 018"]
[Source "ChessBase"]
[SourceDate "1990.10.01"]
[SourceVersion "1"]
[SourceVersionDate "1990.10.01"]
[SourceQuality "1"]

1. d4 Nf6 2. c4 g6 3. Nf3 Bg7 4. g3 O-O 5. Bg2 d5 6. cxd5 Nxd5 7. O-O Nc6 8. e4
Nb6 9. d5 Na5 10. Nc3 c6 11. Bg5 h6 12. Bf4 Bg4 $5 {N} (12... cxd5 13. exd5
Nac4) 13. h3 Bxf3 14. Qxf3 cxd5 15. exd5 Rc8 16. Rad1 $1 (16. Rac1 Nac4 17. b3
g5 $1 $132) 16... Nac4 17. Bc1 (17. b3 g5 18. Bc1 Ne5 19. Qe3 Nf3+ 20. Qxf3
Rxc3 21. Qf5 Qc8 $14) 17... Nd7 18. Qe2 (18. Rfe1 $5 $14) 18... Re8 (18... Nxb2
19. Qxb2 Bxc3 (19... Rxc3 20. Bxh6 $1) (19... Nb6 20. Qa3 Rxc3 21. Qxa7 Rc2)
20. Qxb7 Rc7 21. Qb3 Bg7 22. Bf4 $16) 19. h4 Nxb2 20. Qxb2 Nb6 $1 (20... Bxc3
21. Qxb7 Rc7 22. Qb3) 21. Qa3 (21. Bd2 Nc4 22. Qxb7 Nxd2 23. Rxd2 Bxc3 $10) (
21. Rd3 Rxc3 22. Rxc3 Na4 23. Qxb7 Nxc3 24. Qxa7 Nxd5 $10) 21... Rxc3 22. Qxa7
Rc2 (22... Qc7 23. Bf4 Qc5 24. Qxb7 $16 (24. Be3 Rxe3 25. fxe3 Qxe3+ 26. Kh2
Be5 27. Rf3)) 23. a3 $1 (23. Be4 Nc8 24. Qxb7 Rxa2 $10) 23... Nc8 24. Qxb7 Nd6
25. Qa6 Qa8 26. Qxa8 (26. Qd3 Qa4 $44) 26... Rxa8 27. Rfe1 Ra7 (27... Kf8 28.
Bf1 $22 Bb2 29. Bxh6+) 28. Bf1 Bb2 29. Bxh6 (29. Bxb2 Rxb2 30. Ra1 Nb5 31. a4
Nc3 $132) 29... Bxa3 30. Bd3 Rc3 31. Bg5 Kf8 32. Bh6+ Kg8 33. Bg5 $138 Kf8 34.
Kg2 Bc5 35. Re2 Rca3 36. Bh6+ Kg8 37. Bg5 Ra2 38. Rxa2 Rxa2 39. Rd2 (39. Bxe7
$5 Rxf2+ 40. Kh3 Rf3 41. Bb1 f5 $14 {/\ Kf7}) 39... Rxd2 40. Bxd2 Ne8 41. Be2
Ng7 (41... Bd6 42. Bc3 Nc7 43. Bc4 e6 44. dxe6 Nxe6 45. Bxe6 fxe6 46. Kf3 $16)
42. Bf4 f5 $5 43. Ba6 Kf7 (43... Bd6 44. Bg5 e6 $2 45. dxe6 Nxe6 46. Bc4 Kf7
47. Kf3 $18) 44. Bc8 Bd6 45. Bh6 (45. Bxd6 exd6 46. Kf3 Kf6 47. Ke3 Nh5 $13)
45... e6 $2 (45... Nh5 $1 46. Be6+ Ke8 47. Kf3 Nf6 48. Bg5 Nh5 49. g4 fxg4+ 50.
Kxg4 Ng7 51. Bc8 Kf7 $10) 46. Bxg7 Kxg7 47. Bxe6 $1 (47. dxe6 $2 $10) 47... Kf6
48. f3 Bb4 49. g4 fxg4 50. fxg4 Ke5 51. Kh3 Bd6 52. Bf7 Kf6 53. Bg8 Ke5 54. Be6
Bc7 55. Bf7 Kf6 56. Bg8 Ke5 57. g5 Kf4 (57... Bd6 58. Kg4 Ke4 59. Bf7 Ke5 60.
Bxg6 (60. h5 gxh5+ 61. Kxh5 Be7 62. Kh6 Bf8+ 63. Kh7 Kf5 64. g6 Kf6 65. d6 $18)
60... Kxd5 61. Kf5 Be7 62. Bf7+ Kd6 63. h5 Kd7 64. h6 $18) 58. Bf7 Kf5 59. Be6+
Kf4 60. Bg8 Bd6 61. Bf7 Kf5 62. Bxg6+ $1 Kxg6 63. Kg4 {Ftacnik,L} (63. Kg4 Be7
64. h5+ Kf7 65. Kf5 Kg7 66. g6 Kh6 67. Ke6 $18) 1-0

[Event "EU-ch 5th"]
[Site "Antalya"]
[Date "2004.05.20"]
[Round "5"]
[White "Aronian, Levon"]
[Black "Miroshnichenko, Evgenij"]
[Result "1-0"]
[WhiteElo "2645"]
[BlackElo "2599"]
[Annotator "Ftacnik,L"]
[PlyCount "103"]
[EventDate "2004.05.15"]
[EventType "swiss"]
[EventRounds "13"]
[EventCountry "TUR"]
[SourceTitle "CBM 101"]
[Source "ChessBase"]
[SourceDate "2004.07.27"]
[SourceVersion "1"]
[SourceVersionDate "2004.07.27"]
[SourceQuality "1"]

1. d4 Nf6 2. c4 g6 3. Nf3 Bg7 4. g3 d5 5. cxd5 Nxd5 6. Bg2 Nb6 7. Nc3 Nc6 8. e3
O-O 9. O-O Re8 10. d5 Na5 11. Nd4 Bd7 12. e4 c6 13. Re1 Rc8 14. Rb1 {Very
modest move, that tries to sidestep all possible problems along the a1-h8
diagonal.} (14. Bf4 cxd5 15. exd5 Nac4 (15... Nbc4 16. b3 Nb2 17. Qd2 Nac4 18.
bxc4 Nxc4 19. Qd3 Nb2 20. Qd2 (20. Qe3 $1 Nc4 21. Qe4 f5 22. Qd3 Nb2 23. Qd2
Nc4 24. Qd1 Nb2 25. Qb3 Bxd4 26. d6+ e6 27. Nd5 $5 (27. Nb5 Bxb5 28. Qxb5 Rc5
29. Qb3 Qd7 $13) 27... Ba4 28. Qxb7 Rb8 (28... Nd3 29. Ne7+ Rxe7 30. dxe7 Qe8)
29. Ne7+ Kf7 30. Qf3 $16) 20... Nc4 21. Qd3 Nb2 22. Qd2 {1/2-1/2 Banusz,
T-Boros,D/Budapest 2003/(22)}) 16. b3 Nd6 (16... Bg4 17. Qxg4 Bxd4 18. Rac1 Nd6
19. Bd2 Bf6 20. h4 Qd7 21. Qb4 Nf5 22. Ne4 Nxd5 23. Nxf6+ Nxf6 24. Rxc8 Rxc8
25. Bg5 b6 (25... Nd5 $5 26. Qa5 b5 $11) 26. g4 Nd4 27. Qxe7 Qxe7 28. Rxe7 $16
{1-0 Miton,K-Bobras,P/Lubniewice 2003/ (46)}) 17. Qd2 Na8 (17... Bf5 18. a4 a6
19. Rac1 Qd7 20. h4 Bh3 21. Bh1 h5 22. Kh2 Bg4 23. Bg2 Nf5 24. Nxf5 Bxf5 25. d6
exd6 26. Rxe8+ Rxe8 27. a5 Nc8 28. Nd5 Kf8 29. Bh6 {1-0 Miton,K-Kempinski,R/
Warsaw 2003/ (36)}) (17... Nf5 18. Nde2 e5 19. dxe6 Bxe6 20. Qxd8 Rexd8 21.
Rac1 Rd7 22. Ne4 Rxc1 23. Rxc1 Nd4 24. Nxd4 Bxd4 25. Bb8 a5 26. Ba7 {1-0
Filippov,V-Nedev,T/Istanbul 2003/ (54)}) 18. Rad1 (18. Be5 Bxe5 19. Rxe5 Qa5
20. Re3 Nc7 21. a4 Na6 22. Rae1 Qb4 {0-1 Tkachiev,V-Ye Jiangchuan/Shanghai
2001/ (48)}) 18... Qa5 19. Ne4 Qxd2 20. Rxd2 Nc7 21. Bxd6 exd6 22. Rf1 Bb5 23.
Nxd6 Bxf1 24. Bxf1 Nxd5 25. Nxc8 Rxc8 26. Nf5 gxf5 27. Rxd5 {1-0 Rogozenko,
D-Ftacnik,L/Hamburg 2004/ (62)}) 14... cxd5 15. exd5 Nac4 16. b3 Nd6 (16... Na3
17. Bxa3 Rxc3 18. Bb2 Rc8 19. Rc1 $14) 17. Bb2 Na8 (17... Nf5 18. Nxf5 Bxf5 19.
Rc1 Bh6 20. f4 Bg7 $11) 18. Nce2 Qa5 19. a4 Nc7 (19... Nb6 $6 20. Bc3 $1 Qc5 (
20... Rxc3 21. b4 Qxa4 22. Nxc3 Qxd1 23. Rexd1 Rc8 24. Nce2 $14) 21. Rc1 Bg4
22. Qd2 Bxe2 23. Rxe2 Bxd4 24. Bb2 Bxb2 25. Rxc5 Rxc5 26. Qxb2 $16) 20. Bc3 Qb6
21. Qd2 Nf5 {Black can not fully equalize with advance of the e pawn, since
white bishop on g2 would become too strong.} (21... e5 22. dxe6 Nxe6 23. a5 Qd8
24. Nxe6 Bxc3 (24... Bxe6 25. Bxg7 Kxg7 26. Nd4 $14) 25. Nxc3 Bxe6 26. Nd5 $14)
22. Nxf5 Bxf5 23. Bxg7 (23. Rbc1 Bxc3 (23... Qxb3 $2 24. Bxg7 Kxg7 25. Nd4 Qxa4
26. Nxf5+ gxf5 27. d6 exd6 28. Rxe8 Qxe8 29. Bxb7 $18) 24. Rxc3 Rcd8 $11) 23...
Kxg7 $6 {Aronian was conciously taking a big risk, since tempting 23...Bxb1!?
looks like a good move.} (23... Bxb1 $5 24. Be5 (24. Bb2 Bf5 25. a5 Qd6 26. Qd4
f6 27. Qxa7 Qb4 $17) 24... Bf5 (24... Qxb3 25. Nd4 Qd3 26. Qh6 f6 27. Bf1 Qa3
28. Bxc7 $18) 25. Nd4 Bd7 26. a5 Qa6 $15) 24. Rbc1 Na6 $2 (24... Qxb3 $2 25.
Nd4 $18) (24... e5 25. d6 Red8 26. a5 Qa6 27. Qe3 Qxd6 28. Qxa7 $14) 25. Nd4
Bd7 26. Rxc8 Bxc8 (26... Rxc8 27. Rxe7 Qd6 28. Qe3 Nb4 29. Ne6+ Kg8 30. Nf4 $16
) 27. d6 $3 {[%mdl 64] A true bold from the blue, black pieces are passive and
badly coordinated.} Qd8 (27... Qxd6 28. Nf5+ Bxf5 29. Qxd6 exd6 30. Rxe8 $16) (
27... e5 28. Nb5 Bd7 29. Qe3 $1 Qxe3 30. Rxe3 $16) 28. Nb5 f6 (28... Kg8 29. b4
exd6 30. Rxe8+ Qxe8 31. Nxd6 Qd8 32. Bd5 Be6 33. Bxb7 $16) 29. Nxa7 exd6 30.
Nxc8 Qxc8 (30... Rxe1+ 31. Qxe1 Qxc8 32. Qe7+ Kh6 33. Bxb7 Qc1+ 34. Kg2 $18)
31. Rxe8 Qxe8 32. Qxd6 {White is winning, since extra pawn and misserable
location of the knight a6 give him massive advantage.} Qe1+ 33. Bf1 Qb4 (33...
Nb4 34. Qd7+ Kh6 35. Qxb7 $18) 34. Qd7+ Kh6 (34... Kh8 35. Qf7 Qd6 36. Bc4 Qd8
37. Qxb7 $18) 35. Qf7 f5 (35... Qb6 36. Qf8+ Kh5 37. Qg7 $18) 36. h4 Nb8 37.
Qc4 Nc6 (37... Qxc4 38. Bxc4 g5 39. hxg5+ Kxg5 40. Bd5 b6 41. b4 $18) 38. Qxb4
Nxb4 39. a5 Nc6 (39... Kg7 40. Bg2 $18) 40. b4 $1 {Fine small combination in
the endgame. Black will be left with position that is impossible to hold.} (40.
a6 bxa6 41. Bxa6 Kg7 42. Bc4 $16) 40... Nxb4 41. Bg2 b6 (41... Nc6 $2 42. Bxc6
bxc6 43. a6 $18) 42. axb6 Kg7 43. Bf1 Nc6 (43... Kf6 $2 44. Bb5 Ke7 45. b7 $18)
44. Bb5 Nd8 45. Bc4 Nc6 (45... Kf6 46. Bd5 Ke5 47. b7 $18) 46. f4 Kf6 47. b7 h6
48. Kf2 g5 49. Bb5 Nb8 50. hxg5+ hxg5 51. Ke3 gxf4+ 52. Kxf4 1-0

[Event "Lee Cup 4th"]
[Site "Beijing"]
[Date "1997.08.28"]
[Round "5"]
[White "Pigusov, Evgeny"]
[Black "Atalik, Suat"]
[Result "0-1"]
[WhiteElo "2560"]
[BlackElo "2590"]
[Annotator "Ftacnik,L"]
[PlyCount "102"]
[EventDate "1997.08.23"]
[EventType "swiss"]
[EventRounds "11"]
[EventCountry "CHN"]
[SourceTitle "CBM 061"]
[Source "ChessBase"]
[SourceDate "1997.11.23"]
[SourceVersion "1"]
[SourceVersionDate "1997.11.23"]
[SourceQuality "1"]

1. Nf3 Nf6 2. g3 g6 3. c4 Bg7 4. Bg2 O-O 5. d4 d5 6. cxd5 Nxd5 7. O-O Nb6 8.
Nc3 Nc6 9. d5 Na5 10. Qc2 c6 11. dxc6 Nxc6 12. Rd1 Bf5 13. e4 Bd7 14. Qe2 (14.
Bf4 Rc8 (14... Qc8 15. Rac1 (15. Nd5 Nxd5 16. exd5 Na5 17. Qe2 Qc5 18. Rac1 Qb4
19. Bd2 Qxb2 20. Qxe7 Ba4 21. Bxa5 Bxd1 22. Rxd1 Qxa2 23. Qe1 {1-0 Rogozhnikov,
A-Yuferov,S/URS-OT 1989 (32)}) 15... Bg4 16. Nd5 Nxd5 17. Rxd5 Bxf3 18. Bxf3
Nd4 19. Qd3 Nxf3+ 20. Qxf3 Qe6 21. Rc7 b6 {1/2-1/2 Sziraki,T-Vegh,E/HUN-chT1
1995 (33)}) (14... e5 15. Bg5 Qb8 (15... Qe8 16. Nd5 Rc8 17. Nxb6 Nd4 18. Qd2
axb6 19. Nxd4 exd4 20. Bh6 Bxh6 21. Qxh6 Qe5 22. Qd2 {Bogdanov,V-Korpics,Z/
Spring op 1993/1-0 (53)}) 16. Nd5 Be6 17. Rac1 h6 18. Be3 Rd8 19. Nxb6 axb6 20.
a3 b5 21. Bb6 Rxd1+ 22. Rxd1 b4 23. axb4 Nxb4 24. Qc3 Nc6 {1/2-1/2 Hegeler,
F-Berndt,S/2.BLN9697/1996 (32)}) 15. Qe2 (15. Qc1 Qe8 16. h3 Na4 17. e5 Nxc3
18. bxc3 Nd8 19. Bh6 Bc6 20. Bxg7 Kxg7 21. Qa3 a6 22. Rab1 Ne6 23. Nd4 Nxd4 24.
cxd4 e6 25. h4 Bxg2 26. Kxg2 Qc6+ {1/2-1/2 Romanishin,O-Anand,V/Groningen PCA
1993/}) 15... Qe8 16. h3 Be6 17. Nd5 Bxd5 18. exd5 Nb4 19. Ne1 Qd7 20. Qd2 Na6
{1/2-1/2 Tukmakov,V-Khalifman,A/Simferopol 1988}) (14. Bg5 h6 15. Bf4 Rc8 16.
Qe2 Qe8 17. Nd5 Na4 18. h4 Nxb2 19. Re1 Bg4 20. e5 Nd4 21. Qxb2 Nxf3+ 22. Bxf3
Bxf3 23. Qxb7 Bxd5 {1/2-1/2 Norri,J-Rytshagov,M/FIN-chT 1994}) 14... Qe8 (14...
Qc8 15. Be3 Bg4 16. Rac1 Qe6 17. h3 Bxf3 18. Bxf3 Ne5 (18... Rfd8 19. Nd5 Qe5
20. Rd2 e6 21. Bf4 Nd4 22. Qd1 Nxf3+ 23. Qxf3 Qh5 24. Qxh5 gxh5 25. Nxb6 axb6
26. Rxd8+ Rxd8 27. b3 {1/2-1/2 Rapoport,I-Staniszewski,P/Polanica Zdroj op
1996 (40)}) 19. Bg2 Nec4 20. Bf4 (20. Bd4 Bxd4 21. Rxd4 Rfd8 22. Rxd8+ Rxd8 23.
b3 Nd6 24. e5 Ne8 25. f4 Nc7 26. Rd1 Qc8 27. Rxd8+ Qxd8 28. Qe3 {Jasnikowski,
Z-Roos,D/BL9495 1995/BL 90/1/2-1/2 (62)}) 20... Rfd8 (20... Rad8 21. b3 Rxd1+
22. Qxd1 Nd6 23. Qd3 Rc8 24. Ne2 Rxc1+ 25. Bxc1 Nd7 26. Be3 Ne5 27. Qc2 Nc6 28.
f4 {1/2-1/2 Dizdarevic,E-Rytshagov,M/Moscow olm 1994/(30)}) 21. b3 Rxd1+ 22.
Qxd1 Ne5 23. Be3 Rc8 24. f4 Nc6 25. Nd5 Rd8 26. Rxc6 bxc6 27. Nf6+ exf6 28.
Qxd8+ Bf8 29. Bc5 {Dizdar,G-Jukic,B/CRO-Cup Pula 1994/1-0 (55)}) (14... Rc8 15.
e5 Qe8 16. h3 Be6 17. Bf4 h6 18. g4 Rd8 19. b3 Rxd1+ 20. Rxd1 Qc8 21. Qe3 g5
22. Bg3 Rd8 23. Nd4 Nxd4 24. Rxd4 Rxd4 25. Qxd4 Qd7 {0-1 Jasnikowski,Z-Schmidt,
W/POL-chT Lubniewice 1994/ (31)}) 15. Nd5 Rc8 16. Be3 (16. Bf4 Bg4 (16... Nxd5
17. exd5 Nb4 18. Qd2 a5 19. Bh6 Rc2 20. Qe3 Bxb2 21. Rab1 Bg7 22. Bxg7 Kxg7 23.
a3 Na6 24. Rxb7 $16 {Bakic,R-Carnic,S/Novi Becej/1991}) 17. Nxb6 (17. Nc7 Nd4
$1 18. Rxd4 Rxc7) 17... axb6 18. e5 Rd8 (18... h6 19. h3 Be6 (19... Bxf3 20.
Bxf3 g5 21. Be3 $16) 20. h4 b5 21. Nd4 Nxd4 22. Rxd4 b6 23. Qe3 h5 24. Rd2 Rc5
25. b4 Rc4 26. a3 {1-0 Bakic,R-Lalev,D/Belgrade op 1991 (38)}) 19. Qe3 Rxd1+
20. Rxd1 Qa8 21. h3 Bxf3 22. Bxf3 Qxa2 23. Bxc6 bxc6 24. Qxb6 Qe6 {0-1
Schlosser,P-Leko,P/Nettetal 1992 (56)}) 16... Na4 17. e5 (17. Rab1 e6 $11)
17... Be6 (17... Nxe5 18. Nxe5 Bxe5 19. Bh6 $16) 18. Ng5 Bxd5 (18... Bxe5 19.
Nxe6 fxe6 20. Nf4 Nxb2 21. Re1 $13) 19. Bxd5 Nxe5 (19... Bxe5 20. Nxf7 $3 Rxf7
21. Bxf7+ Qxf7 22. Qg4 Nb6 23. Bxb6 $14) 20. f4 Nc6 21. f5 gxf5 (21... Nxb2 22.
fxg6 hxg6 23. Qg4 $40) 22. Qh5 h6 23. Nf3 e6 (23... Nxb2 $2 24. Bxh6 Bf6 (24...
Nxd1 25. Qg5 $18) 25. Ng5 e6 26. Bg7 $1) 24. Bb3 (24. Bxc6 Qxc6 25. Bxh6 Qb6+ (
25... Bxh6 26. Qxh6 Qxf3 27. Qg5+ Kh7 28. Rd4 $1 (28. Qh4+ Kg6 29. Qxa4 Qe3+
30. Kh1 Rh8 $19) 28... f4 29. Rxf4 Qe3+ 30. Kg2 Rc2+ 31. Kh3 $18) 26. Kh1 Qxb2
27. Rab1 Qf6 $17) (24. Bxh6 f6 25. Qxf5 exd5 $19) 24... b5 (24... Nxb2 25. Bxh6
f6 26. Qxf5 Bxh6 27. Bxe6+ Kh8 28. Rd7) 25. Bxh6 f6 26. Qxf5 $1 {The attack in
the best of styles, white destroys the pawn structure of his opponent. Angriff
von feinstem, Weiss zerreist die Bauernstruktur von seinem Gegner.} (26. Qxe8
Rfxe8 27. Bxg7 Kxg7 28. Rd7+ Kh6 $15) 26... Bxh6 27. Bxe6+ Kh8 28. Rd7 (28.
Bxc8 Qxc8 29. Qh5 Kg7 30. Qxb5 $16) 28... Ne7 (28... Be3+ 29. Kh1 Ne7 30. Rxe7
Qxe7 31. Bxc8 Nxb2 32. Nh4 $18) 29. Qh3 (29. Rxe7 $5 Qxe7 30. Bxc8 Nxb2 31. Re1
$16) 29... Ng8 (29... Kg7 30. Nh4 Be3+ 31. Kh1 Rc5 32. b4 (32. Qg4+ Rg5 33.
Rxe7+ Qxe7 34. Nf5+ Kh8 35. Nxe7 Rxg4 36. Bxg4 Re8 37. Nd5 Bd4 $14) 32... Re5
33. Nf5+ Rxf5 34. Qxf5 $40) 30. Re1 (30. Qf5 Ne7 (30... Bg7 31. Nh4 $18)) 30...
Nc5 (30... Qg6 31. Bf5 $18) 31. Bf5 Nxd7 32. Rxe8 Rfxe8 $1 33. Bxd7 Rc1+ 34.
Kf2 (34. Kg2 $4 Re2#) 34... Rc2+ 35. Kf1 Ree2 {White has to be very careful in
this phjase of the game, two rooks on the second rank are always very
dangerous. Weiss muss in diese Phase sehr aufpassen, zwei Turme auf der zweite
Rheie sind ausserst gefahrlich.} 36. Qh5 (36. Nd4 Rf2+ (36... Rxh2 37. Nxc2
Rxh3 38. Bxh3 Ne7 $11) 37. Ke1 Rxb2 38. Bxb5 Rxh2 39. Qf5 Bd2+ 40. Kf1 Be3 41.
Qe4 Bxd4 $19) (36. Be6 $1 Rf2+ 37. Kg1 (37. Ke1 Rce2+ 38. Kd1 Rxb2 39. Ke1 Rxf3
40. Bxg8 Re3+ 41. Kf1 Kxg8 42. Qxh6 Rf3+ 43. Kg1 Rxa2 44. Qg6+ Kf8 45. Qh6+ Kg8
$11) 37... Rfe2 (37... Rxf3 $2 38. Bxg8 Rcf2 39. Qc8 $18) 38. Kf1 $11) 36...
Rf2+ 37. Kg1 (37. Ke1 Rce2+ 38. Kd1 Rxb2 39. Ke1 Rbe2+ 40. Kd1 Rxa2 $19) 37...
Rg2+ 38. Kf1 (38. Kh1 Rge2 39. Ng1 Re1 $17) 38... Rcf2+ 39. Ke1 Rxb2 40. Bf5 (
40. Kf1 Rbf2+ 41. Ke1 Rxa2 42. Kf1 b4 $19) 40... Rbe2+ 41. Kd1 (41. Kf1 Ref2+
42. Ke1 Rxa2 43. Qg6 Rge2+ 44. Kf1 Re7 $19) 41... Ref2 42. Ke1 Re2+ 43. Kd1 Re3
44. Nd4 (44. Qg6 Re7) 44... Re5 45. Nb3 (45. Qg6 $4 Rd2+ 46. Kc1 Re1#) 45... a5
46. Qg6 Re7 47. Be4 (47. Nxa5 $2 Rd2+) 47... Rxa2 48. Bd5 (48. h4 a4 49. Nc5
Rd2+ 50. Ke1 Rd5 51. Nxa4 Rde5 52. Nc3 Rg7 $19) 48... Rg7 49. Qe8 (49. Qh5 Rg5
50. Qf3 a4 51. h4 Rg7 52. Nc5 Rd2+ 53. Ke1 Re7+ 54. Be6 Rc2 55. Qa8 Rg7 $19)
49... Rxh2 50. Qxb5 Rxg3 51. Qf1 (51. Bc4 Rg1+ 52. Bf1 Rf2 $19) 51... Be3 0-1

[Event "Debrecen"]
[Site "Debrecen"]
[Date "1990.??.??"]
[Round "4"]
[White "Wojtkiewicz, Aleksander"]
[Black "Kindermann, Stefan"]
[Result "1-0"]
[WhiteElo "2550"]
[BlackElo "2560"]
[Annotator "Ftacnik,L"]
[PlyCount "93"]
[EventDate "1990.06.??"]
[EventType "tourn"]
[EventRounds "11"]
[EventCountry "HUN"]
[EventCategory "13"]
[SourceTitle "CBM 020"]
[Source "ChessBase"]
[SourceDate "1991.02.01"]
[SourceVersion "1"]
[SourceVersionDate "1991.02.01"]
[SourceQuality "1"]

1. Nf3 g6 2. c4 Bg7 3. d4 Nf6 4. g3 O-O 5. Bg2 d5 6. cxd5 Nxd5 7. O-O Nb6 8.
Nc3 Nc6 9. d5 Na5 10. e4 c6 11. Bg5 h6 12. Bf4 cxd5 13. exd5 Nac4 14. Qe2 g5 (
14... e5 $5 {N} 15. Bc1 Re8 16. Nd2 {1/4-1/4/Dorfman,J-Stohl,I/Amsterdam
OHRA-II/1990/ ->CBM 20}) 15. Bc1 e6 (15... e5 $5 {N} 16. Nd2 Nd6 17. Nde4 Nxe4
18. Nxe4 f5 19. Nc3 Bd7 20. Be3 {1/4-1/4/Pigusov-Gavrikov/Moskva GMA/1990/
->TD90_07}) 16. h4 $1 {N} (16. dxe6 Bxe6 17. Rd1 Qc8 18. h4 Re8 19. hxg5 hxg5
20. Bxg5 Nxb2 21. Qxb2 Qxc3 22. Qxc3 Bxc3 $10 {Wojtkiewicz-Stohl/Warszawa
zt-play off/1990/}) 16... g4 17. Nh2 exd5 18. Nxg4 d4 19. Nxh6+ $1 Bxh6 20.
Bxh6 dxc3 21. Rad1 Qf6 (21... Qe8 22. Qc2 cxb2 23. Rfe1 Be6 24. Qc3 f6 25. Bxf8
$18) 22. Bxf8 Kxf8 23. bxc3 Be6 24. Rd4 $16 Rc8 25. Re1 Rc5 26. Rf4 Rf5 27.
Rxf5 Qxf5 28. Bxb7 Na4 29. Qd1 Nab6 (29... Nxc3 30. Qd8+ Kg7 31. Qd4+ Qf6 32.
Qxa7) 30. Qd4 Kg8 31. Be4 Qg4 32. Qd8+ Kg7 33. Qd4+ Kg8 34. Qd8+ Kg7 35. Bg2
Qf5 36. Qc7 a5 37. Re4 Qf6 38. Rd4 Qg6 39. Kh2 Qf6 40. Rf4 Qxc3 41. Bh3 Qe1 42.
Bf5 Bd5 43. Be4 Be6 44. Bf5 Bd5 45. Be4 Be6 46. Qe7 Qe2 47. Qf6+ {Ftacnik,L} (
47. Qf6+ Kg8 48. Qh6 $18) 1-0